[Event "CRO Cup"]
[Site "Mali Losinj"]
[Date "2018.05.17"]
[Round "3.52"]
[White "Muha, Miljenko"]
[Black "Vitic, Ivan"]
[Result "1-0"]
[WhiteElo "2384"]
[BlackElo "2275"]
[PlyCount "77"]
[EventDate "2018.05.16"]
[EventType "team-swiss"]
[EventRounds "6"]
[EventCountry "CRO"]
[SourceTitle "CBM 184 Extra"]
[Source "ChessBase"]
[SourceDate "2018.06.28"]
[SourceVersion "1"]
[SourceVersionDate "2018.06.28"]
[SourceQuality "1"]
[WhiteTeam "Split Brda"]
[BlackTeam "Osijek Ferit"]
[WhiteTeamCountry "CRO"]
[BlackTeamCountry "CRO"]

1. d4 Nf6 2. Bg5 Ne4 3. Bf4 c5 4. f3 Qa5+ 5. c3 Nf6 6. d5 d6 7. e4 Nbd7 8. Nd2 Nh5 9. Be3 g6 10. Ne2 Bg7 11. g4 Nhf6 12. g5 Nh5 13. Ng3 Nxg3 14. hxg3 b5 15. a4 b4 16. Nc4 Qd8 17. cxb4 cxb4 18. f4 h6 19. Bd4 f6 20. gxh6 Rxh6 21. Rxh6 Bxh6 22. Bd3 Kf7 23. Qf3 Nc5 24. Bxc5 dxc5 25. 0-0-0 Kg7 26. e5 Qe8 27. d6 Be6 28. dxe7 Rb8 29. exf6+ Kxf6 30. Qe4 Kxe7 31. Re1 Qg8 32. Ne5 Rb6 33. Nxg6+ Kd7 34. a5 Rb8 35. Rd1 Kc7 36. Qe5+ Kb7 37. Be4+ Ka6 38. Rd6+ Kxa5 39. Qxc5+ 1-0

[Event "CRO-chT2 Ost"]
[Site "Croatia"]
[Date "2016.04.16"]
[Round "2.51"]
[White "Majeric, Zoran"]
[Black "Vitic, Ivan"]
[Result "1/2-1/2"]
[WhiteElo "2235"]
[BlackElo "2307"]
[PlyCount "90"]
[EventDate "2016.04.16"]
[EventType "team-tourn"]
[EventRounds "11"]
[EventCountry "CRO"]
[SourceTitle "EXT 2019"]
[Source "ChessBase"]
[SourceDate "2018.10.10"]
[SourceVersion "1"]
[SourceVersionDate "2018.10.10"]
[SourceQuality "1"]

1. e4 c5 2. Nf3 d6 3. Bb5+ Nd7 4. 0-0 a6 5. Bxd7+ Bxd7 6. d4 cxd4 7. Qxd4 Rc8 8. Nc3 e5 9. Qb4 b5 10. a4 a5 11. Qb3 b4 12. Nd5 Nf6 13. Bg5 Be7 14. Bxf6 Bxf6 15. Rfd1 0-0 16. Qd3 Bc6 17. c4 bxc3 18. Nxc3 Qb6 19. Qe2 Rfd8 20. h4 Rb8 21. Nd5 Qxb2 22. Nxf6+ gxf6 23. Qe3 Kg7 24. Nd2 Qb7 25. Rab1 Qa8 26. Rxb8 Qxb8 27. Qg3+ Kf8 28. Qf3 Ke7 29. Nf1 Bd7 30. Ng3 Rg8 31. Nf5+ Bxf5 32. Qxf5 h6 33. Rc1 Qb7 34. Qf3 Rc8 35. Rxc8 Qxc8 36. Qe3 Qb7 37. f3 h5 38. Qh6 Qb4 39. Qxh5 Qxa4 40. Qh8 Qd1+ 41. Kh2 Qe1 42. Kh3 Qh1+ 43. Kg3 Qe1+ 44. Kh3 Qh1+ 45. Kg3 Qe1+ 1/2-1/2

[Event "CRO-chT2 Ost"]
[Site "Croatia"]
[Date "2015.10.25"]
[Round "11.42"]
[White "Vitic, Ivan"]
[Black "Sargac, Rajna"]
[Result "1/2-1/2"]
[WhiteElo "2292"]
[BlackElo "2161"]
[PlyCount "60"]
[EventDate "2015.04.25"]
[EventType "team-tourn"]
[EventRounds "11"]
[EventCountry "CRO"]
[SourceTitle "EXT 2016"]
[Source "ChessBase"]
[SourceDate "2015.10.08"]
[SourceVersion "1"]
[SourceVersionDate "2015.10.08"]
[SourceQuality "1"]

1. e4 e6 2. d4 d5 3. Nc3 Bb4 4. e5 Qd7 5. Bd2 b6 6. Bb5 c6 7. Bd3 Ba6 8. Bxa6 Nxa6 9. Qe2 Nc7 10. Nf3 Ne7 11. a3 Bxc3 12. Bxc3 0-0 13. 0-0 c5 14. a4 a5 15. Bd2 cxd4 16. Nxd4 Nc6 17. Bc3 Nxd4 18. Bxd4 Rab8 19. Qe3 Qc6 20. Ra3 Na6 21. Rc3 Qxa4 22. Bxb6 Qb5 23. Rb3 Qa4 24. Rc3 Qb5 25. Rb3 Qa4 26. Rc3 Qb5 27. Rb3 Qa4 28. Rc3 Qb5 29. Rb3 Qa4 30. Rc3 Qb5 1/2-1/2

[Event "CRO-chT2 Ost"]
[Site "Croatia"]
[Date "2015.10.18"]
[Round "9.32"]
[White "Vitic, Ivan"]
[Black "Dulic, Grgur"]
[Result "1-0"]
[WhiteElo "2292"]
[BlackElo "2237"]
[PlyCount "113"]
[EventDate "2015.04.25"]
[EventType "team-tourn"]
[EventRounds "11"]
[EventCountry "CRO"]
[SourceTitle "EXT 2016"]
[Source "ChessBase"]
[SourceDate "2015.10.08"]
[SourceVersion "1"]
[SourceVersionDate "2015.10.08"]
[SourceQuality "1"]

1. e4 e5 2. Nf3 Nc6 3. Bb5 Nf6 4. d3 Bc5 5. c3 d6 6. Nbd2 0-0 7. 0-0 Re8 8. b4 Bb6 9. Nc4 Bd7 10. a4 a6 11. Nxb6 cxb6 12. Bc4 Be6 13. Bxe6 fxe6 14. Be3 Rc8 15. b5 axb5 16. axb5 Ne7 17. Qb3 Ng6 18. Ra7 Qc7 19. c4 Nd7 20. g3 Nc5 21. Qc2 Rf8 22. Kg2 Qf7 23. Ng5 Qd7 24. h4 h6 25. Nf3 Ra8 26. Rfa1 Rxa7 27. Rxa7 Kh7 28. h5 Ne7 29. Nh4 Kg8 30. Qe2 Kh7 31. f3 Kg8 32. g4 Nc8 33. Ra8 Ne7 34. Ra3 Qe8 35. Kg3 Qf7 36. Ra7 Rb8 37. Ra1 Qe8 38. Ra3 Ra8 39. Qa2 Rb8 40. Qb2 Ra8 41. Bxc5 bxc5 42. Qa2 Rb8 43. Ra7 Qf8 44. Qd2 Nc8 45. Ra2 Ne7 46. g5 hxg5 47. Qxg5 Qf6 48. Qxf6 gxf6 49. f4 Kf7 50. Kf3 Rh8 51. Ra7 Rxh5 52. Kg4 Rh8 53. Rxb7 exf4 54. Rxe7+ Kxe7 55. Ng6+ Kf7 56. Nxh8+ Kg7 57. b6 1-0

[Event "CRO-chT2 Ost"]
[Site "Croatia"]
[Date "2015.04.25"]
[Round "2.52"]
[White "Vitic, Ivan"]
[Black "Goric, Esad"]
[Result "1-0"]
[WhiteElo "2306"]
[BlackElo "2301"]
[PlyCount "97"]
[EventDate "2015.04.25"]
[EventType "team-tourn"]
[EventRounds "11"]
[EventCountry "CRO"]
[SourceTitle "EXT 2016"]
[Source "ChessBase"]
[SourceDate "2015.10.08"]
[SourceVersion "1"]
[SourceVersionDate "2015.10.08"]
[SourceQuality "1"]

1. e4 d5 2. exd5 Qxd5 3. Nc3 Qd6 4. d4 a6 5. Nf3 Nf6 6. g3 e6 7. Bg2 Be7 8. 0-0 Nc6 9. Bf4 Qd8 10. Qe2 Bd6 11. Bg5 h6 12. Bxf6 Qxf6 13. Ne4 Qd8 14. Nxd6+ cxd6 15. Rad1 d5 16. c4 dxc4 17. Qxc4 Ne7 18. Ne5 Nd5 19. Rc1 0-0 20. Rfe1 Qd6 21. Red1 Rd8 22. a3 Bd7 23. Bxd5 exd5 24. Qc7 Be8 25. b4 a5 26. bxa5 Qxa3 27. Ra1 Qb4 28. Qb6 Qe7 29. Re1 Rd6 30. Qb4 Re6 31. Qc3 Bb5 32. Re3 Re8 33. Rae1 Qd8 34. Qc5 Ba6 35. Ng4 Qd7 36. Rxe6 Rxe6 37. Rxe6 Qxe6 38. Ne3 Bc4 39. Qc7 Qe4 40. Qxb7 Qxd4 41. Nxc4 Qxc4 42. a6 Qe4 43. h3 Qe1+ 44. Kg2 Qe4+ 45. Kh2 Qe2 46. Qc8+ Kh7 47. Qf5+ Kg8 48. a7 Qa6 49. Qd7 1-0

[Event "CRO-chT"]
[Site "Bol"]
[Date "2014.05.18"]
[Round "6.8"]
[White "Dutina, Dario"]
[Black "Vitic, Ivan"]
[Result "1/2-1/2"]
[WhiteElo "2251"]
[BlackElo "2305"]
[PlyCount "61"]
[EventDate "2014.05.14"]
[EventType "team-swiss"]
[EventRounds "6"]
[EventCountry "CRO"]
[SourceTitle "CBM 160 Extra"]
[Source "ChessBase"]
[SourceDate "2014.07.01"]
[SourceVersion "1"]
[SourceVersionDate "2014.07.01"]
[SourceQuality "1"]
[WhiteTeam "Sesvete"]
[BlackTeam "Osijek"]
[WhiteTeamCountry "CRO"]
[BlackTeamCountry "CRO"]

1. Nf3 Nf6 2. g3 g6 3. Bg2 Bg7 4. c4 c5 5. 0-0 0-0 6. Nc3 Nc6 7. d4 d6 8. dxc5 dxc5 9. Be3 Qa5 10. Qa4 Nd7 11. Qxa5 Nxa5 12. Nd2 Rb8 13. Rac1 b6 14. Rfd1 Bb7 15. b3 Bxg2 16. Kxg2 Nc6 17. Nf3 Rfd8 18. Ne4 Nde5 19. Bf4 Rbc8 20. Nxe5 Nxe5 21. Bxe5 Bxe5 22. f4 Bd4 23. Kf3 Kf8 24. e3 Bg7 25. Rxd8+ Rxd8 26. Ke2 Ke8 27. Rd1 Rxd1 28. Kxd1 Kd7 29. Ke2 h6 30. Kd3 Ke6 31. Nf2 1/2-1/2

[Event "CRO-chT"]
[Site "Bol"]
[Date "2014.05.17"]
[Round "5.8"]
[White "Vitic, Ivan"]
[Black "Bender, Ivan"]
[Result "1/2-1/2"]
[WhiteElo "2305"]
[BlackElo "2272"]
[PlyCount "144"]
[EventDate "2014.05.14"]
[EventType "team-swiss"]
[EventRounds "6"]
[EventCountry "CRO"]
[SourceTitle "CBM 160 Extra"]
[Source "ChessBase"]
[SourceDate "2014.07.01"]
[SourceVersion "1"]
[SourceVersionDate "2014.07.01"]
[SourceQuality "1"]
[WhiteTeam "Osijek"]
[BlackTeam "Dubrovnik"]
[WhiteTeamCountry "CRO"]
[BlackTeamCountry "CRO"]

1. e4 e5 2. Nf3 Nc6 3. Bb5 Nf6 4. d3 Bc5 5. 0-0 Nd4 6. Nxd4 Bxd4 7. Nd2 c6 8. Ba4 d6 9. Nf3 Bb6 10. c3 0-0 11. Be3 Bxe3 12. fxe3 Qb6 13. Qd2 Ng4 14. Rae1 f5 15. exf5 Bxf5 16. Kh1 Be6 17. h3 Nh6 18. Ng5 Bd7 19. Bb3+ Kh8 20. e4 Qd8 21. d4 Qe7 22. dxe5 Qxe5 23. Rf3 Rxf3 24. Nxf3 Qg3 25. Ng1 Be8 26. Rf1 Bg6 27. Rf4 Ng8 28. Ne2 Qg5 29. Qxd6 Qe7 30. e5 Rd8 31. Qxe7 Nxe7 32. Nd4 h6 33. Bf7 c5 34. Ne6 Rd1+ 35. Kh2 Rd2 36. Nxc5 Rxb2 37. Bxg6 Nxg6 38. Re4 b6 39. Nd7 Rxa2 40. e6 Ne7 41. Kg3 g5 42. c4 Kg7 43. Kf3 Kg6 44. g4 Ra3+ 45. Kg2 Ra2+ 46. Kf1 Ra3 47. Re2 Rf3+ 48. Kg2 Rf4 49. Kg3 Kg7 50. Ra2 Nc6 51. Re2 Ne7 52. Rf2 Rxf2 53. Kxf2 Nc8 54. Ke3 a5 55. Kd4 Kg6 56. Kc3 Kg7 57. Kb3 Kg6 58. Ka4 Kg7 59. Kb5 Nd6+ 60. Kxb6 a4 61. Kc5 a3 62. Kxd6 a2 63. e7 a1Q 64. e8Q Qd4+ 65. Ke7 Qe4+ 66. Ne5 Qxe5+ 67. Kd8 Qb8+ 68. Kd7 Qa7+ 69. Kd6 Qd4+ 70. Ke7 Qc5+ 71. Kd7 Qa7+ 72. Kd6 Qd4+ 1/2-1/2

[Event "CRO-chT"]
[Site "Bol"]
[Date "2014.05.16"]
[Round "4.9"]
[White "Mufic, Goran"]
[Black "Vitic, Ivan"]
[Result "0-1"]
[WhiteElo "2252"]
[BlackElo "2305"]
[PlyCount "80"]
[EventDate "2014.05.14"]
[EventType "team-swiss"]
[EventRounds "6"]
[EventCountry "CRO"]
[SourceTitle "CBM 160 Extra"]
[Source "ChessBase"]
[SourceDate "2014.07.01"]
[SourceVersion "1"]
[SourceVersionDate "2014.07.01"]
[SourceQuality "1"]
[WhiteTeam "Rijeka Junior"]
[BlackTeam "Osijek"]
[WhiteTeamCountry "CRO"]
[BlackTeamCountry "CRO"]

1. d4 d5 2. Nf3 c6 3. Bf4 Bf5 4. e3 Nf6 5. c4 e6 6. Nc3 Bd6 7. Bxd6 Qxd6 8. Qb3 b6 9. Be2 0-0 10. 0-0 Nbd7 11. Rac1 h6 12. Rfd1 Rfd8 13. Qa4 Rac8 14. cxd5 exd5 15. b4 Qb8 16. b5 c5 17. dxc5 Nxc5 18. Qa3 Ne6 19. Nd4 Nxd4 20. Rxd4 Rd7 21. Rcd1 Rcd8 22. Bf3 Be6 23. Ne2 g5 24. g3 Qc7 25. Rc1 Qe5 26. Bg2 Rc7 27. Rdd1 Rdc8 28. Rxc7 Rxc7 29. Nd4 Bd7 30. Rc1 Ne4 31. Rxc7 Qxc7 32. Bxe4 dxe4 33. Qe7 Qc1+ 34. Kg2 Qc8 35. h4 Bh3+ 36. Kh2 Qg4 37. Qxa7 Bf1 38. Kg1 Qd1 39. Qxb6 Bh3+ 40. Kh2 Qf1 0-1

[Event "CRO-chT"]
[Site "Bol"]
[Date "2014.05.15"]
[Round "2.7"]
[White "Pavic, Filip"]
[Black "Vitic, Ivan"]
[Result "0-1"]
[WhiteElo "1993"]
[BlackElo "2305"]
[PlyCount "52"]
[EventDate "2014.05.14"]
[EventType "team-swiss"]
[EventRounds "6"]
[EventCountry "CRO"]
[SourceTitle "CBM 160 Extra"]
[Source "ChessBase"]
[SourceDate "2014.07.01"]
[SourceVersion "1"]
[SourceVersionDate "2014.07.01"]
[SourceQuality "1"]
[WhiteTeam "Busevec Polet"]
[BlackTeam "Osijek"]
[WhiteTeamCountry "CRO"]
[BlackTeamCountry "CRO"]

1. e4 c5 2. Nc3 Nc6 3. f4 g6 4. Nf3 Bg7 5. Bb5 Nd4 6. 0-0 a6 7. Bd3 d6 8. Ne2 Nf6 9. c3 Nc6 10. Bc2 e5 11. d3 0-0 12. Ng3 Qc7 13. f5 d5 14. Nh4 dxe4 15. dxe4 c4 16. Be3 b5 17. h3 Bb7 18. Qc1 Kh8 19. Bg5 Rad8 20. Qe3 Rd6 21. Rf2 Ne7 22. Bh6 Neg8 23. Bxg7+ Kxg7 24. fxg6 fxg6 25. Qg5 Kh8 26. Qxe5 Rd1+ 0-1

[Event "CRO-chT"]
[Site "Bol"]
[Date "2014.05.14"]
[Round "1.2"]
[White "Vitic, Ivan"]
[Black "Kuljasevic, Davorin"]
[Result "0-1"]
[WhiteElo "2305"]
[BlackElo "2560"]
[PlyCount "98"]
[EventDate "2014.05.14"]
[EventType "team-swiss"]
[EventRounds "6"]
[EventCountry "CRO"]
[SourceTitle "CBM 160 Extra"]
[Source "ChessBase"]
[SourceDate "2014.07.01"]
[SourceVersion "1"]
[SourceVersionDate "2014.07.01"]
[SourceQuality "1"]
[WhiteTeam "Osijek"]
[BlackTeam "Rijeka Liburnija"]
[WhiteTeamCountry "CRO"]
[BlackTeamCountry "CRO"]

1. e4 e5 2. Nf3 Nc6 3. Bb5 a6 4. Ba4 Nf6 5. 0-0 Be7 6. Bxc6 dxc6 7. d3 Nd7 8. Nbd2 f6 9. Nh4 g6 10. Nc4 Nc5 11. Be3 b6 12. Nf3 Be6 13. Nfd2 Qd7 14. a4 b5 15. axb5 cxb5 16. Na5 0-0 17. Bh6 Rf7 18. Qe2 Na4 19. Rfb1 c5 20. Nab3 Rc8 21. Nc1 Qc6 22. Nf3 c4 23. d4 Bg4 24. d5 Qd6 25. Na2 f5 26. Bd2 Nc5 27. h3 Bxf3 28. gxf3 fxe4 29. fxe4 Rcf8 30. Rf1 Rf3 31. Kg2 Qf6 32. Nc3 Qh4 33. Qxf3 Rxf3 34. Kxf3 b4 35. Na4 Qxe4+ 36. Kg3 Nxa4 37. Rxa4 Bh4+ 38. Kh2 Qe2 39. Kg2 Qxd2 40. Rxa6 Qxd5+ 41. Kg1 Qd2 42. Rb6 e4 43. Re6 Qxc2 44. Kg2 Kf7 45. Re5 Bf6 46. Rb5 Qxb2 47. Rb7+ Ke6 48. Re1 Bd4 49. Rxe4+ Kf5 0-1

[Event "CRO-Cup 20th"]
[Site "Sibenik"]
[Date "2011.05.18"]
[Round "1.73"]
[White "Dulic, Grgur"]
[Black "Vitic, Ivan"]
[Result "1-0"]
[WhiteElo "2246"]
[BlackElo "2323"]
[PlyCount "105"]
[EventDate "2011.05.18"]
[EventType "team-swiss"]
[EventRounds "6"]
[EventCountry "CRO"]
[SourceTitle "CBM 142 Extra"]
[Source "ChessBase"]
[SourceDate "2011.06.27"]
[SourceVersion "1"]
[SourceVersionDate "2011.06.27"]
[SourceQuality "1"]
[WhiteTeam "Beli Manastir"]
[BlackTeam "Osijek"]
[WhiteTeamCountry "CRO"]
[BlackTeamCountry "CRO"]

1. e4 c5 2. Nc3 Nc6 3. Bb5 e6 4. Bxc6 bxc6 5. d3 d5 6. Nf3 Nf6 7. 0-0 Be7 8. Re1 0-0 9. b3 a5 10. Bb2 Nd7 11. Qe2 Bf6 12. Na4 Re8 13. Bxf6 gxf6 14. Qe3 Qe7 15. Qh6 Kh8 16. Nh4 d4 17. f4 Rg8 18. Kh1 Rg7 19. Rf1 Bb7 20. f5 Rag8 21. Nb2 Ba6 22. Rf2 Rg5 23. Raf1 Qf8 24. Qxf8 Rxf8 25. h3 Rh5 26. g3 Rg8 27. Kh2 Rhg5 28. Rg1 Rh5 29. Rff1 Kg7 30. a4 Kf8 31. Nc4 Bxc4 32. bxc4 Ke7 33. Rb1 Ra8 34. Rb7 Rg5 35. Rgb1 Rgg8 36. Nf3 Kd6 37. g4 e5 38. Nd2 h5 39. gxh5 Rg5 40. Rg1 Rxh5 41. Nf3 Rh7 42. h4 Ke7 43. Kh3 Kd6 44. Rg4 Rhh8 45. Rg7 Ke7 46. Rxd7+ Kxd7 47. Rxf7+ Ke8 48. Rxf6 Rb8 49. Re6+ Kf8 50. Nxe5 Kg7 51. f6+ Kh7 52. Re7+ Kh6 53. Nf7+ 1-0

[Event "CRO-chT 15th"]
[Site "Sibenik"]
[Date "2006.09.27"]
[Round "6"]
[White "Martinovic, Sasa"]
[Black "Vitic, Ivan"]
[Result "1/2-1/2"]
[WhiteElo "2367"]
[BlackElo "2331"]
[PlyCount "71"]
[EventDate "2006.09.22"]
[EventType "team"]
[EventRounds "11"]
[EventCountry "CRO"]
[SourceTitle "CBM 114 Extra"]
[Source "ChessBase"]
[SourceDate "2006.11.03"]
[SourceVersion "1"]
[SourceVersionDate "2006.11.03"]
[SourceQuality "1"]

1. d4 Nf6 2. Bg5 Ne4 3. Bf4 c5 4. f3 Qa5+ 5. c3 Nf6 6. d5 Nh5 7. Bd2 e5 8. e4 d6 9. Na3 Qd8 10. Bb5+ Bd7 11. Bxd7+ Nxd7 12. Ne2 Be7 13. Nc4 b5 14. Ne3 g6 15. c4 a6 16. cxb5 axb5 17. a4 bxa4 18. Nc4 0-0 19. 0-0 f5 20. exf5 gxf5 21. Rxa4 Rxa4 22. Qxa4 Nb6 23. Nxb6 Qxb6 24. Qd7 Qd8 25. Qb7 Bg5 26. f4 Nxf4 27. Nxf4 Bxf4 28. Bxf4 exf4 29. Rxf4 Qg5 30. Rf3 Qc1+ 31. Rf1 Qe3+ 32. Kh1 Qe2 33. Kg1 Qe3+ 34. Kh1 Qe2 35. Kg1 Qe3+ 36. Kh1 1/2-1/2

[Event "CRO-chT"]
[Site "Rabac"]
[Date "2003.09.07"]
[Round "1"]
[White "Zufic, Miroslav"]
[Black "Vitic, Ivan"]
[Result "1-0"]
[WhiteElo "2399"]
[BlackElo "2336"]
[PlyCount "112"]
[EventDate "2003.09.07"]
[EventType "team"]
[EventRounds "9"]
[EventCountry "CRO"]
[SourceTitle "CBM 096 Extra"]
[Source "ChessBase"]
[SourceDate "2003.10.22"]
[SourceVersion "2"]
[SourceVersionDate "2003.10.20"]
[SourceQuality "1"]

1. e4 c5 2. Nf3 d6 3. d4 cxd4 4. Nxd4 Nf6 5. Nc3 a6 6. f3 e5 7. Nb3 Be7 8. Be3 Be6 9. Qd2 0-0 10. 0-0-0 Nbd7 11. g4 b5 12. g5 Nh5 13. Rg1 Nb6 14. Nd5 Nxd5 15. exd5 Bf5 16. Na5 Qc7 17. Nc6 Rfc8 18. f4 exf4 19. Bxf4 Bf8 20. Be3 g6 21. Be2 Ng7 22. Bf3 Re8 23. Bd4 Be4 24. Bxe4 Rxe4 25. Rde1 Rae8 26. Rxe4 Rxe4 27. Re1 Rxe1+ 28. Qxe1 Qd7 29. b3 Qg4 30. Bf6 h6 31. h4 Kh7 32. Qa5 Qxh4 33. Kb2 Qe4 34. Qxa6 Qxd5 35. Qc8 Ne6 36. Qe8 hxg5 37. Qxf7+ Kh6 38. Nd4 Nf4 39. Qxf8+ Kh5 40. Qh8+ Kg4 41. Qh2 b4 42. Qg1+ Ng2 43. Qd1+ Kh3 44. Qd3+ Kg4 45. Qxg6 Nf4 46. Qe8 Qc5 47. Ne2 Kf3 48. Bd4 Qd5 49. Qe3+ Kg4 50. Qg1+ Kf5 51. Ng3+ Kg6 52. Qe3 Ne6 53. Qd3+ Kf7 54. Qh7+ Kf8 55. Nf5 g4 56. Qe7+ Kg8 1-0

[Event "CRO-chT"]
[Site "Pula"]
[Date "2001.09.16"]
[Round "7"]
[White "Vargic, Drago"]
[Black "Vitic, Ivan"]
[Result "1-0"]
[WhiteElo "2275"]
[BlackElo "2312"]
[PlyCount "111"]
[EventDate "2001.09.10"]
[EventType "team"]
[EventRounds "9"]
[EventCountry "CRO"]
[SourceTitle "CBM 084 Extra"]
[Source "ChessBase"]
[SourceDate "2001.10.26"]
[SourceVersion "1"]
[SourceVersionDate "2001.10.26"]
[SourceQuality "1"]

1. e4 c5 2. Nc3 d6 3. g3 Nc6 4. Bg2 g6 5. d3 Bg7 6. Be3 e6 7. Qd2 Rb8 8. Nge2 Nd4 9. 0-0 b5 10. a4 a6 11. axb5 axb5 12. b4 Nxe2+ 13. Nxe2 Bxa1 14. Rxa1 cxb4 15. Qxb4 Qc7 16. Nc3 Bd7 17. e5 d5 18. Bc5 Qd8 19. Bd6 Ne7 20. d4 Nf5 21. Bxb8 Qxb8 22. Bf1 Ne7 23. Nxb5 0-0 24. Qxe7 Bxb5 25. Rb1 Qe8 26. Qxe8 Bxe8 27. Rb8 Ba4 28. Rxf8+ Kxf8 29. Bd3 Ke7 30. Kf1 h6 31. Ke2 Be8 32. Kd2 g5 33. Kc3 f6 34. f4 gxf4 35. gxf4 f5 36. Kb4 Bh5 37. Kc5 Bf3 38. Ba6 Be4 39. c3 Bf3 40. Bb7 Be2 41. Bc6 Bd3 42. Bb5 Be4 43. Bc6 Bd3 44. Bxd5 exd5 45. Kxd5 Be4+ 46. Kc5 Ke6 47. c4 Bd3 48. d5+ Kd7 49. Kd4 Be2 50. c5 Ke7 51. c6 Bf3 52. Kc5 Be4 53. d6+ Ke6 54. Kb6 h5 55. d7 Ke7 56. Kc7 1-0

[Event "CRO-chT"]
[Site "Pula"]
[Date "2000.09.17"]
[Round "7"]
[White "Mufic, Goran"]
[Black "Vitic, Ivan"]
[Result "1-0"]
[WhiteElo "2364"]
[BlackElo "2325"]
[PlyCount "55"]
[EventDate "2000.09.??"]
[EventType "team"]
[EventRounds "9"]
[EventCountry "CRO"]
[SourceTitle "CBM 078 Extra"]
[Source "ChessBase"]
[SourceDate "2000.11.10"]
[SourceVersion "1"]
[SourceVersionDate "2000.11.10"]
[SourceQuality "1"]

1. d4 d5 2. Nf3 c6 3. Bf4 Bf5 4. e3 e6 5. c4 Nd7 6. Nc3 Ngf6 7. h3 h6 8. Qb3 Qb6 9. c5 Qxb3 10. axb3 a6 11. b4 Rc8 12. Nd2 Be7 13. g4 Bg6 14. Bg2 Bd3 15. Nb3 Bd8 16. Bf1 Bb5 17. Bd6 Bc7 18. Bxc7 Rxc7 19. Bxb5 cxb5 20. Nxb5 axb5 21. Ra8+ Ke7 22. Rxh8 Nf8 23. Ke2 Rc6 24. Ra1 Ra6 25. Na5 Ne8 26. Ra3 Nc7 27. Nxb7 f6 28. Nd6 1-0

[Event "CRO-chT"]
[Site "Pula"]
[Date "2000.09.14"]
[Round "4"]
[White "Vitic, Ivan"]
[Black "Rezan, Sasa"]
[Result "0-1"]
[WhiteElo "2325"]
[BlackElo "2307"]
[PlyCount "76"]
[EventDate "2000.09.??"]
[EventType "team"]
[EventRounds "9"]
[EventCountry "CRO"]
[SourceTitle "CBM 078 Extra"]
[Source "ChessBase"]
[SourceDate "2000.11.10"]
[SourceVersion "1"]
[SourceVersionDate "2000.11.10"]
[SourceQuality "1"]

1. e4 c5 2. Nf3 d6 3. d4 cxd4 4. Nxd4 Nf6 5. Nc3 e6 6. Be3 a6 7. f4 b5 8. Qf3 Bb7 9. Bd3 Nbd7 10. 0-0 b4 11. Nd1 e5 12. Nb3 Be7 13. Nf2 0-0 14. Nd2 d5 15. exd5 Nxd5 16. Qh3 f5 17. fxe5 Nxe5 18. Bxf5 Rxf5 19. Qxf5 Nxe3 20. Qxe5 Qxd2 21. Qxe7 Qd5 22. Ne4 Nxf1 23. Rxf1 Bc6 24. Rf4 Qd4+ 25. Rf2 Bxe4 26. Qf7+ Kh8 27. Qf4 h6 28. h3 Rd8 29. c3 bxc3 30. bxc3 Qd1+ 31. Rf1 Qc2 32. Rf2 Qb1+ 33. Rf1 Qb6+ 34. Kh1 Qg6 35. Rf2 Rd3 36. Kh2 Qd6 37. Qxd6 Rxd6 38. c4 Rc6 0-1

[Event "CRO-chT"]
[Site "Pula"]
[Date "1999.09.14"]
[Round "5"]
[White "Vitic, Ivan"]
[Black "Rosandic, Denis"]
[Result "1/2-1/2"]
[WhiteElo "2320"]
[BlackElo "2262"]
[PlyCount "62"]
[EventDate "1999.09.05"]
[EventType "team"]
[EventRounds "9"]
[EventCountry "CRO"]
[SourceTitle "EXT 2000"]
[Source "ChessBase"]
[SourceDate "1999.11.16"]
[SourceVersion "1"]
[SourceVersionDate "1999.11.16"]
[SourceQuality "1"]

1. e4 c5 2. Nf3 Nc6 3. d4 cxd4 4. Nxd4 Nf6 5. Nc3 e6 6. Ndb5 d6 7. Bf4 e5 8. Bg5 a6 9. Na3 b5 10. Nd5 Be7 11. Bxf6 Bxf6 12. c3 Ne7 13. Nxf6+ gxf6 14. Nc2 Bb7 15. Bd3 d5 16. exd5 Qxd5 17. Ne3 Qe6 18. Qh5 0-0-0 19. Bc2 f5 20. Nxf5 Ng6 21. Ne3 Nf4 22. Qf5 Bxg2 23. Qxe6+ fxe6 24. Rg1 Bc6 25. Rd1 Rdg8 26. Rg3 h5 27. h4 Kc7 28. Kd2 Rd8+ 29. Ke1 Rdg8 30. Kd2 Rd8+ 31. Ke1 Rdg8 1/2-1/2

[Event "CRO-chT"]
[Site "Pula"]
[Date "1999.09.10"]
[Round "2"]
[White "Havas, Ladislav"]
[Black "Vitic, Ivan"]
[Result "1/2-1/2"]
[WhiteElo "2249"]
[BlackElo "2320"]
[PlyCount "49"]
[EventDate "1999.09.05"]
[EventType "team"]
[EventRounds "9"]
[EventCountry "CRO"]
[SourceTitle "EXT 2000"]
[Source "ChessBase"]
[SourceDate "1999.11.16"]
[SourceVersion "1"]
[SourceVersionDate "1999.11.16"]
[SourceQuality "1"]

1. e4 c5 2. Nf3 d6 3. d4 cxd4 4. Nxd4 Nf6 5. Nc3 a6 6. h3 e6 7. g4 h6 8. Bg2 Qc7 9. 0-0 Bd7 10. a4 Nc6 11. Nxc6 Bxc6 12. a5 Be7 13. Be3 Nd7 14. f4 g5 15. fxg5 hxg5 16. Qd2 Rg8 17. Na4 Bxa4 18. Rxa4 Rc8 19. Rf2 Ne5 20. b3 Qc3 21. Qxc3 Rxc3 22. Bd4 Rc7 23. Bb6 Rc3 24. Bd4 Rc7 25. Bb6 1/2-1/2

[Event "CRO-chT2"]
[Site "Pula"]
[Date "1998.??.??"]
[Round "8"]
[White "Viland, Boris"]
[Black "Vitic, Ivan"]
[Result "1/2-1/2"]
[WhiteElo "2195"]
[BlackElo "2300"]
[PlyCount "70"]
[EventDate "1998.??.??"]
[EventType "team"]
[EventRounds "9"]
[EventCountry "CRO"]
[SourceTitle "EXT 2000"]
[Source "ChessBase"]
[SourceDate "1999.11.16"]
[SourceVersion "1"]
[SourceVersionDate "1999.11.16"]
[SourceQuality "1"]

1. d4 Nf6 2. c4 g6 3. Nc3 Bg7 4. e4 d6 5. Nf3 0-0 6. h3 Na6 7. Bg5 h6 8. Be3 e5 9. d5 Nc5 10. Nd2 a5 11. a3 Nh7 12. b4 axb4 13. axb4 Rxa1 14. Qxa1 Na6 15. Qa3 f5 16. Nb3 Nf6 17. c5 dxc5 18. bxc5 Nb8 19. Bc4 Kh7 20. Qa7 Nbd7 21. Na5 f4 22. Bc1 Nxc5 23. Qxc5 b6 24. Qa3 bxa5 25. Qxa5 Ne8 26. Ba3 Nd6 27. Bxd6 cxd6 28. Qxd8 Rxd8 29. Kd2 Bd7 30. f3 Rc8 31. Kd3 Bf8 32. Ra1 Rc7 33. Ra5 Be7 34. Bb5 Bh4 35. Bxd7 Rxc3+ 1/2-1/2

[Event "CRO-Cup"]
[Site "Pula"]
[Date "1997.??.??"]
[Round "?"]
[White "Horvath, Tamas"]
[Black "Vitic, Ivan"]
[Result "1-0"]
[WhiteElo "2395"]
[BlackElo "2305"]
[PlyCount "99"]
[EventDate "1997.??.??"]
[EventType "team"]
[EventRounds "5"]
[EventCountry "CRO"]
[SourceTitle "EXT 1998"]
[Source "ChessBase"]
[SourceDate "1997.11.17"]
[SourceVersion "1"]
[SourceVersionDate "1997.11.17"]
[SourceQuality "1"]

1. e4 c5 2. Nf3 d6 3. d4 cxd4 4. Nxd4 Nf6 5. Nc3 a6 6. Be3 Ng4 7. Bg5 h6 8. Bc1 Nc6 9. Be2 Nxd4 10. Qxd4 e5 11. Qa4+ Bd7 12. Qb3 b5 13. Bxg4 Bxg4 14. Nd5 Bd7 15. 0-0 Be7 16. Qg3 g5 17. Be3 Rb8 18. Rfd1 Rg8 19. f4 f6 20. fxe5 dxe5 21. Rd2 Rb7 22. Rad1 Rg7 23. Qf2 Rf7 24. Bb6 Qb8 25. Kh1 Bd8 26. Bc5 Bg4 27. Re1 Rbd7 28. h3 Be6 29. Red1 h5 30. Qe3 Qb7 31. b3 Rg7 32. c4 Kf7 33. Rf1 Kg6 34. Rdf2 Rgf7 35. Ba3 bxc4 36. bxc4 Qc6 37. h4 Bxd5 38. cxd5 Qb6 39. Qf3 Qc7 40. Bb2 gxh4 41. Qf5+ Kg7 42. Qxh5 Qc4 43. Qg4+ Kh8 44. Bxe5 h3 45. gxh3 Rg7 46. Qh5+ Kg8 47. Qe8+ Kh7 48. Rf4 Qxf1+ 49. Rxf1 fxe5 50. Rf5 1-0